20 decimals of Pi in 30 seconds - Statistiques

Statistiques générales
  • Ce quiz a été pris 175 fois
  • Le résultat moyen est 14 sur 20
Statistiques - réponses
Decimals of π Réponse % Correct
1 1
100%
3 1
98%
2 4
98%
4 5
94%
5 9
93%
6 2
91%
7 6
89%
8 5
81%
9 3
78%
10 5
76%
11 8
69%
12 9
63%
13 7
56%
14 9
54%
15 3
48%
16 2
46%
17 3
44%
18 8
43%
19 4
41%
20 6
33%
Aucun quiz correspondant
Distribution des résultats
% des personnes avec chaque résultat
Percentile par nombre de réponses
Votre historique - résultats
Vous n’avez pas pris ce quiz